LIBRARY & INFORMATION CENTRE, KCAET, TAVANUR

ONLINE PUBLIC ACCESS CATALOGUE (OPAC)

Standardization of irrigation requirement of salad cucumber in polyhouse (Record no. 14992)

MARC details
000 -LEADER
fixed length control field 00702nam a22001817a 4500
003 - CONTROL NUMBER IDENTIFIER
control field OSt
088 ## - REPORT NUMBER
Report number P 212
100 ## - MAIN ENTRY--AUTHOR NAME
Personal name DEEPA C.N
-- JOSENA JOSE
-- SREEMOL S
245 ## - TITLE STATEMENT
Title Standardization of irrigation requirement of salad cucumber in polyhouse
260 ## - PUBLICATION, DISTRIBUTION, ETC. (IMPRINT)
Place of publication Tavanur 2010
Name of publisher Kelappaji College Agricultural Engineering and Technology
300 ## - PHYSICAL DESCRIPTION
Number of Pages 43
500 ## - GENERAL NOTE
General note Standardization of irrigation requirement of salad cucumber in polyhouse
520 ## - SUMMARY, ETC.
Summary, etc Standardization of irrigation requirement of salad cucumber in polyhouse
700 ## - ADDED ENTRY--PERSONAL NAME
Personal name Dr. E.K Mathew (Guide)
856 ## - ELECTRONIC LOCATION AND ACCESS
Uniform Resource Identifier https://drive.google.com/open?id=1Bv5xBq7cbuqO5aj-Hzzue9dHb5R3l5wx
942 ## - ADDED ENTRY ELEMENTS (KOHA)
Koha item type Project Report
Holdings
Collection code Home library Current library Shelving location Full call number Accession Number Koha item type
Reference KAUAET KAUAET Reference 631.587 DEEI/ST P 212 Project Report
free website counter